000 01055cam a2200241 4500
008 020517n2001 000 0 eng u
020 _a1861343701
035 _a(Sirsi) u118007
041 _aeng.
050 _a711.52
100 _aRussell, H.
245 _aLocal strategic partnerships : lessons from New commitment to regeneration
260 _aBristol
_bPolicy Press
_c2001
300 _aix,70p.
_c31cm.
350 _a13.95
490 _aArea Regeneration
520 _aLocal strategic partnerships (LSPs) are a favoured vehicle of government for tackling problems in urban and rural localities. This practical report, useful reading for anyone with an interest in regeneration and governance, identifies lessons for good practice, drawing on the experiences of New commitment to regeneration (NCR) pathfinders, which have been an influential model for Local strategic partnerships.
650 _aLOCAL STRATEGIC PARTNERSHIPS
650 _aURBAN REGENERATION
650 _aRURAL REGENERATION
690 _aREGENERATION
942 _n0
999 _c102082
_d102082